| 000 | 00000nam 2200000za 4500 |
| 001 | 9.639084 |
| 003 | CaOODSP |
| 005 | 20240717145358 |
| 007 | cr ||||||||||| |
| 008 | 150407|2002||||xxc|||||o f|0| 0 fre d |
| 040 | |aCaOODSP|bfre |
| 043 | |an-cn--- |
| 086 | 1 |aBT22-80/2002F-RTF |
| 110 | 1 |aCanada. |bConseil du trésor. |
| 245 | 10|aPolitique de communication du gouvernement du Canada |h[ressource électronique] |
| 260 | |aOttawa - Ontario : |bSecrétariat du Conseil du Trésor du Canada |c1 avril 2002. |
| 300 | |a52p.|btableaux |
| 590 | |a11-17-Supp|b2011-09-12 |
| 691 | 07|aCommunications|2gcpds |
| 691 | 07|aGouvernement fédéral|2gcpds |
| 691 | 07|aPolitique gouvernementale|2gcpds |
| 775 | 08|tCommunications policy of the Government of Canada |w(CaOODSP)9.694917 |
| 856 | 40|ahttp://publications.gc.ca|qRich Text|s5429 Ko|uhttps://publications.gc.ca/collections/collection_2011/sct-tbs/BT22-80-2002-fra.rtf |